| 000 | 00406nam a2200169Ia 4500 | ||
|---|---|---|---|
| 008 | 230524s9999 xx 000 0 und d | ||
| 020 | _a8185749162 | ||
| 082 |
_a620.0042 _bGIL |
||
| 100 |
_aP.S.Gill _942088 |
||
| 245 | 0 | _aEngineering Graphics and Drafting | |
| 250 | _a1 | ||
| 260 |
_aNew Delhi _bKaraia _c2008 |
||
| 300 | _a830p; | ||
| 500 | _aQuantity Number: 1 | ||
| 650 | _aComp-Sc | ||
| 942 | _cBK | ||
| 999 |
_c56496 _d56496 |
||